České klenoty UNESCO /
Uloženo v:
| Hlavní autor: | |
|---|---|
| Médium: | Kniha |
| Jazyk: | Czech |
| Vydáno: |
Brno :
CPress,
2018
|
| Vydání: | 1. vydání |
| Témata: | |
| Celkem bylo vypůjčeno: | 10x |
| Tagy: |
Žádné tagy |
| LEADER | 01565nam a2200421 i 4500 | ||
|---|---|---|---|
| 001 | 88270 | ||
| 003 | CZ PrNK | ||
| 005 | 20240330065205.0 | ||
| 007 | ta | ||
| 008 | 180418s2018 xr a e f 000 0 cze | ||
| 015 | |a cnb002992757 | ||
| 999 | |c 88270 |d 88270 | ||
| 020 | |a 9788026418627 |q (vázáno) : |c Kč 349,00 | ||
| 040 | |a BOA001 |b cze |d OLA001 |e rda | ||
| 072 | 7 | |a 904 |x Kulturní památky historického období obecně |2 Konspekt |9 8 | |
| 080 | |a 930.85 |2 MRF | ||
| 080 | |a 904 |2 MRF | ||
| 080 | |a 72:904 |2 MRF | ||
| 080 | |a (437.3) |2 MRF | ||
| 080 | |a (036)913 |2 MRF | ||
| 100 | 1 | |a Petro, Jozef, |d 1954- |7 jx20040623022 |4 aut |9 40498 | |
| 245 | 1 | 0 | |a České klenoty UNESCO / |c Jozef Petro |
| 250 | |a 1. vydání | ||
| 264 | 1 | |a Brno : |b CPress, |c 2018 | |
| 300 | |a 152 stran : |b barevné ilustrace ; |c 26 cm | ||
| 336 | |a text |b txt |2 rdacontent | ||
| 336 | |a statický obraz |b sti |2 rdacontent | ||
| 337 | |a bez média |b n |2 rdamedia | ||
| 338 | |a svazek |b nc |2 rdacarrier | ||
| 500 | |a Obálkový podnázev: turistický průvodce po dechberoucích památkách | ||
| 610 | 2 | 7 | |a UNESCO |7 kn20010711459 |2 czenas |
| 650 | 0 | 7 | |a kulturní dědictví |7 ph137975 |z Česko |2 czenas |
| 650 | 0 | 7 | |a kulturní památky |7 ph115033 |z Česko |2 czenas |
| 650 | 0 | 7 | |a architektonické památky |7 ph118585 |z Česko |2 czenas |
| 655 | 7 | |a turistické průvodce |7 fd133738 |2 czenas | |
| 910 | |a UOG502 | ||
| 942 | |2 ddc |c KN | ||
| 993 | |0 0 |1 421180088813 |2 ddc |4 0 |6 908_437000000000000 |7 0 |9 74159 |b 0 |c 88813 |d 2018-05-23 |e 10 |f DOSP |g 908.437 |h 349.00 |i Koupě |l DOSP |m 7 |r 2026-03-17 |s 2026-02-24 |t 5 |w 2018-05-23 |y KN |z NAUCNA | ||